000 00425nam a2200193Ia 4500
005 20240823033231.0
008 240823s9999||||xx |||||||||||||| ||und||
020 _a978-0-312-59546-3
041 _aENGLISH
082 _A299.93 Q1
100 _aOsho
245 0 _aPower Politics and Change
250 _a1st
260 _c2011
_bSt mar
500 _aYES
650 _aPower
_bGeneral
942 _cBK
999 _c195329
_d195329